Wszystkie drużyny Orlen Basket Ligi 2024/25 - Statystyki

Ogólne statystyki
  • Ten quiz został rozwiązany 35 razy
    26 od ostatniego zresetowania
  • Średni wynik to 14 z 16
Statystyki odpowiedzi
# klub % Poprawnych
1 Anwil Włocławek
100%
10 Legia Warszawa
100%
4 Dziki Warszawa
95%
8 King Szczecin
95%
15 Trefl Sopot
95%
16 WKS Śląsk Wrocław
95%
3 Arriva Polski Cukier Toruń
90%
13 Polski Cukier Start Lublin
90%
5 Enea Stelmet Zastal Zielona Góra
86%
6 Górnik Zamek Książ Wałbrzych
86%
7 Icon Sea Czarni Słupsk
86%
9 Krajowa Grupa Spożywcza Arka Gdynia
86%
14 Tauron GTK Gliwice
86%
2 Arged BM Stal Ostrów Wielkopolski
71%
11 MKS Dąbrowa Górnicza
71%
12 PGE Spójnia Stardard
57%
Nie znaleziono quizów pasujących do podanych kryteriów
Rozkład punktacji
Procent ludzi z każdym wynikiem
Percentyl według liczby udzielonych odpowiedzi
Twoja historia wyników
Nie rozwiązałeś tego quizu od ostatniego zresetowania